000
00291nam a22001337a 4500
003
SGT
020
_a
9781632398932
082
_a
615.321
_b
H17P
100
_a
PHILIPS, HOLLY, ED.
245
_a
HERBAL MEDICINE
260
_b
CALLISTO, REFERENCE CHINA
_c
2017
300
_a
229
942
_2
ddc
_c
BK
999
_c
19793
_d
19793